|
|
|
|
| LEADER |
00000nam0a2200000 4500 |
| 001 |
35263 |
| 005 |
20231101210306.0 |
| 010 |
|
|
|a 524700356X
|
| 035 |
|
|
|a (RuTPU)RU\TPU\book\35689
|
| 035 |
|
|
|a BOOK00002341
|
| 090 |
|
|
|a 35263
|
| 100 |
|
|
|a 20011210d1988 m y0rusy50 ca
|
| 101 |
0 |
|
|a rus
|
| 102 |
|
|
|a RU
|
| 105 |
|
|
|a y j 000zy
|
| 200 |
1 |
|
|a Технология бурения разведочных скважин на жидкие и газообразные полезные ископаемые
|e учебное пособие
|f А. Г. Калинин, А. З. Левицкий
|
| 210 |
|
|
|a Москва
|c Недра
|d 1988
|
| 215 |
|
|
|a 373 с.
|
| 225 |
1 |
|
|a Высшее образование
|
| 451 |
|
1 |
|0 (RuTPU)RU\TPU\book\8922
|y 5-247-036565
|t Технология бурения разведочных скважин на нефть и газ
|o учебник
|f А. Г. Калинин, А. З. Левицкий, Б. А. Никитин
|c Москва
|n Недра
|d 1998
|p 440 с.
|s Высшее образование
|a Калинин, Анатолий Георгиевич
|
| 606 |
|
|
|a Геологическое бурение, разведочное
|x Нефтегазоносность
|2 stltpush
|3 (RuTPU)RU\TPU\subj\6092
|9 34051
|
| 610 |
1 |
|
|a геология
|
| 610 |
1 |
|
|a скважины
|
| 610 |
1 |
|
|a бурение
|
| 610 |
1 |
|
|a полезные ископаемые жидкие
|
| 610 |
1 |
|
|a полезные ископаемые газообразные
|
| 610 |
1 |
|
|a горные породы
|
| 610 |
1 |
|
|a оборудование
|
| 610 |
1 |
|
|a технология
|
| 610 |
1 |
|
|a вода
|
| 610 |
1 |
|
|a учебные пособия
|
| 675 |
|
|
|a 553.98:550.82(075.8)
|v 3
|
| 700 |
|
1 |
|a Калинин
|b А. Г.
|g Анатолий Георгиевич
|
| 701 |
|
1 |
|a Левицкий
|b А. З.
|g Александр Захарович
|
| 801 |
|
0 |
|a RU
|b 63413507
|c 20011210
|g PSBO
|
| 801 |
|
2 |
|a RU
|b 63413507
|c 20200831
|g PSBO
|
| 900 |
|
|
|a Сооружение и ремонт водозаборных скважин
|
| 900 |
|
|
|a Буровые машины и механизмы
|
| 942 |
|
|
|c BK
|